000
00333 a2200157 4500
999
_c
12209
_d
12209
003
OSt
005
20231223130204.0
008
231223b ||||| |||| 00| 0 eng d
020
_a
9788957705339
040
_c
bmsca
082
_a
212
100
_a
Archiworld
245
_a
Omni 2: Commerce
260
_b
Archiworld
942
_2
ddc